• 首页
  • 本馆介绍
  • 公告通知
  • 最新文献
  • 馆藏检索
  • 电子资源
  • 读者导购
  • 参考咨询
  • 我的图书馆
  • 登录
  • 期刊详细显示
  • 现刊情况显示
  • 合订本情况显示
  • 篇目信息显示

期刊信息

  • 表格格式
  • 工作单格式
  • 卡片格式
索取号 
C5/PXYY
题名 
培训与研究
作者 
《培训与研究》编辑部
分册号 
分册名 
出版地 
武汉
出版者 
该刊编辑部
标准刊号 
1007-1687
出版频率 
双月刊
中图法分类 
G4
主题词 
社会科学 丛书; 社会科学 文集; 社会科学 连续出版物
电子资源 
000 00890nas0 2200325 45
001 1196060535
005 20070711150738.95
011    @a1007-1687@dCNY4.00(2001)
092    @aCN
100    @a19951228 199 9999ek y0chiy0120 ea
101 0  @achi
102    @aCN@b110000
105    @ay z 000yy
200 1  @a培训与研究@e湖北教育学院学报@f《培训与研究》编辑部@F《Pei Xun Yu Yan Jiu》Bian Ji Bu
207  0 @a~=总~
210    @a武汉@b湖北省武汉市(邮码)@c该刊编辑部@d199~
215    @d26cm
326    @a双月刊
541 1  @aTraining and research@zeng
606 0  @a社会科学@x丛书
606 0  @a社会科学@x文集
606 0  @a社会科学@x连续出版物
676    @a370@v19
690    @aG4@v3
690    @aC5@v4
692    @v2
701  0 @4主编
711 02 @a《培训与研究》编辑部@4主办@A《Pei Xun Yu Yan Jiu》Bian Ji Bu
801  0 @aCN@bPFT@c20070711
905    @a1@cQ@dC5@ePXYY
    
    培训与研究:湖北教育学院学报/《培训与研究》编辑部.-~=总~.-武汉(湖北省武汉市(邮码)):该刊编辑部,199~
    26cm
    
    
    ISSN 1007-1687:CNY4.00(2001)
    
●
相关链接: 在易读查询期刊 在中国知网中查询期刊 在万方数据查询期刊 在维普查询期刊
唐山师范学院图书馆 欢迎您!
大连网信软件有限公司© 版权所有